[Event "27th Klatovy B 2019"]
[Site "Klatovy CZE"]
[Date "2019.07.03"]
[Round "5.19"]
[White "Simacek, Vaclav"]
[Black "Kotal, Vit"]
[Result "1-0"]
[WhiteElo "1809"]
[BlackElo "1556"]
[PlyCount "57"]
[EventDate "2019.06.29"]
[EventType "swiss"]
[EventRounds "9"]
[EventCountry "CZE"]

1. e4 c5 2. b4 e6 3. bxc5 Qa5 4. Bb2 Nf6 5. Nc3 Bxc5 6. e5 Nd5 7. Nxd5 exd5 8. Nf3 Nc6 9. Rb1 O-O 10. Bc3 Qc7 11. d4 Bb6 12. Qd2 a5 13. Be2 a4 14. O-O Na5 15. Bb4 Re8 16. Bd3 Nc4 17. Qg5 Qd8 18. Bxh7+ Kxh7 19. Qh5+ Kg8 20. Ng5 d6 21. Qh7+ Kf8 22. Qh8+ Ke7 23. Qxg7 Be6 24. Nxe6 Kxe6 25. exd6 Rf8 26. Rfe1+ Kd7 27. Re7+ Kc8 28. d7+ Kb8 29. Qxf8 1-0

[Event "27th Klatovy B 2019"]
[Site "Klatovy CZE"]
[Date "2019.07.03"]
[Round "5.20"]
[White "Novotny, Jaromir"]
[Black "Boucek, Vlastimil 1968"]
[Result "1/2-1/2"]
[WhiteElo "1796"]
[BlackElo "1629"]
[PlyCount "58"]
[EventDate "2019.06.29"]
[EventType "swiss"]
[EventRounds "9"]
[EventCountry "CZE"]

1. b3 d5 2. Bb2 Bf5 3. e3 e6 4. Nf3 Nf6 5. c4 c6 6. Nc3 Be7 7. Be2 O-O 8. Nh4 Bg6 9. Nxg6 hxg6 10. cxd5 exd5 11. Qc2 Nbd7 12. h4 Ne5 13. f4 Neg4 14. g3 Nh6 15. O-O-O Qa5 16. Kb1 Nf5 17. Rdg1 d4 18. Nd1 dxe3 19. dxe3 Rad8 20. Bd3 Qc5 21. Bxf5 gxf5 22. Bd4 Qxc2+ 23. Kxc2 c5 24. Bxf6 Bxf6 25. Rg2 Rfe8 26. Rd2 Rxd2+ 27. Kxd2 Rd8+ 28. Kc2 b6 29. Rh2 g6 1/2-1/2

[Event "27th Klatovy B 2019"]
[Site "Klatovy CZE"]
[Date "2019.07.03"]
[Round "5.21"]
[White "Blazek, Pavel 1974"]
[Black "Krisman, Ondrej"]
[Result "1/2-1/2"]
[WhiteElo "1745"]
[BlackElo "1546"]
[PlyCount "118"]
[EventDate "2019.06.29"]
[EventType "swiss"]
[EventRounds "9"]
[EventCountry "CZE"]

1. Nc3 d5 2. Nf3 Nf6 3. d4 e6 4. Bf4 Bd6 5. Bxd6 Qxd6 6. e3 a6 7. Bd3 O-O 8. Qd2 Nbd7 9. e4 e5 10. dxe5 Nxe5 11. Nxe5 Qxe5 12. f4 Qd4 13. e5 Ne4 14. Bxe4 Qxd2+ 15. Kxd2 dxe4 16. Nxe4 b6 17. Rhe1 Bb7 18. Rad1 Rad8+ 19. Kc1 Rxd1+ 20. Kxd1 Rd8+ 21. Kc1 Rd4 22. Ng5 Rxf4 23. e6 fxe6 24. Nxe6 Rf2 25. g3 Rxh2 26. Nd8 Rh1 27. Rxh1 Bxh1 28. Ne6 c5 29. Kd2 Kf7 30. Nf4 g5 31. Nd3 h5 32. Ke3 Kf6 33. a4 c4 34. Nf2 Bc6 35. a5 b5 36. Kd4 Kf5 37. b3 cxb3 38. cxb3 b4 39. Ke3 h4 40. gxh4 gxh4 41. Kd4 Kf4 42. Nh3+ Kg3 43. Ng5 h3 44. Nxh3 Kxh3 45. Kc5 Bb5 46. Kxb4 Kg3 47. Kc3 Kf3 48. b4 Ke3 49. Kc2 Kd4 50. Kb2 Kc4 51. Kc2 Kxb4 52. Kb2 Kxa5 53. Ka3 Bc4 54. Kb2 Kb4 55. Ka1 Kb3 56. Kb1 a5 57. Ka1 a4 58. Kb1 a3 59. Ka1 a2 1/2-1/2

[Event "27th Klatovy B 2019"]
[Site "Klatovy CZE"]
[Date "2019.07.03"]
[Round "5.22"]
[White "Privoznik, Lubos"]
[Black "Macho, Miloslav"]
[Result "0-1"]
[WhiteElo "1610"]
[BlackElo "1745"]
[PlyCount "60"]
[EventDate "2019.06.29"]
[EventType "swiss"]
[EventRounds "9"]
[EventCountry "CZE"]

1. e4 Nf6 2. e5 Nd5 3. d4 d6 4. c4 Nb6 5. exd6 cxd6 6. Nf3 g6 7. Be3 Bg7 8. Qd2 d5 9. c5 N6d7 10. Bh6 Bf8 11. Nc3 Nf6 12. Bxf8 Kxf8 13. Qh6+ Kg8 14. Bd3 Nc6 15. a3 Bg4 16. Ne5 Nxd4 17. Nxg4 Nxg4 18. Qf4 Nb3 19. Rd1 Nf6 20. Bc4 Nxc5 21. Nxd5 Ncd7 22. Nxf6+ exf6 23. Qd6 Qa5+ 24. Kf1 Ne5 25. Ba2 Qb5+ 26. Kg1 Kg7 27. Qd2 Rhd8 28. Qc1 Rxd1+ 29. Qxd1 Qxb2 30. Bb3 Rc8 0-1

[Event "27th Klatovy B 2019"]
[Site "Klatovy CZE"]
[Date "2019.07.03"]
[Round "5.23"]
[White "Kirs, Pavel"]
[Black "Vnoucek, Pavel"]
[Result "1/2-1/2"]
[WhiteElo "1567"]
[BlackElo "1739"]
[PlyCount "48"]
[EventDate "2019.06.29"]
[EventType "swiss"]
[EventRounds "9"]
[EventCountry "CZE"]

1. b3 Nc6 2. Bb2 Nf6 3. Nf3 d6 4. d4 e6 5. e3 Be7 6. Be2 O-O 7. O-O Bd7 8. c4 Ne8 9. e4 f5 10. e5 d5 11. cxd5 exd5 12. Nc3 Be6 13. Rc1 Nb8 14. Na4 Nd7 15. Nc5 Nxc5 16. dxc5 c6 17. Nd4 Qd7 18. Bd3 g6 19. Qd2 Ng7 20. f4 Qd8 21. g3 Bd7 22. b4 Ne6 23. Nxe6 Bxe6 24. Bd4 Qd7 1/2-1/2

[Event "27th Klatovy B 2019"]
[Site "Klatovy CZE"]
[Date "2019.07.03"]
[Round "5.24"]
[White "Soucek, Jan"]
[Black "Kalista, Karel"]
[Result "1/2-1/2"]
[WhiteElo "1543"]
[BlackElo "1736"]
[PlyCount "120"]
[EventDate "2019.06.29"]
[EventType "swiss"]
[EventRounds "9"]
[EventCountry "CZE"]

1. e4 c5 2. Nf3 d6 3. d4 cxd4 4. Nxd4 Nf6 5. Nc3 a6 6. g3 e6 7. Bg2 Be7 8. O-O O-O 9. h3 Qc7 10. Qe1 Nc6 11. Nxc6 bxc6 12. a4 d5 13. exd5 cxd5 14. Be3 Bc5 15. a5 Bd7 16. Bxc5 Qxc5 17. Qe5 Rab8 18. g4 Bb5 19. Rfb1 Rfc8 20. Nxb5 Qxb5 21. Bf1 Qb7 22. Bd3 Nd7 23. Qh5 g6 24. Qh6 Ne5 25. Qe3 Nxd3 26. Qxd3 Qb5 27. Qxb5 Rxb5 28. c3 Rcc5 29. Kf1 Rxa5 30. Rxa5 Rxa5 31. Ke2 Kf8 32. Kd3 e5 33. f3 Ke7 34. b4 Ra3 35. b5 d4 36. b6 Rxc3+ 37. Ke2 Rc8 38. Ra1 Rb8 39. Rxa6 Kd6 40. g5 Kc6 41. Ra5 Re8 42. Ra7 Kxb6 43. Rxf7 Kc6 44. Kd3 Kd5 45. Rd7+ Ke6 46. Rxh7 Kf5 47. h4 Rf8 48. Rh6 Rc8 49. Rh7 Rc3+ 50. Ke2 d3+ 51. Kd2 Ra3 52. Rf7+ Ke6 53. Rf6+ Kd5 54. Rxg6 Kd4 55. Rd6+ Kc4 56. Rc6+ Kd4 57. Rd6+ Kc4 58. Rc6+ Kd4 59. Rd6+ Kc4 60. Rc6+ Kd4 1/2-1/2

[Event "27th Klatovy B 2019"]
[Site "Klatovy CZE"]
[Date "2019.07.03"]
[Round "5.25"]
[White "Beran, Jakub"]
[Black "Vaclavik, Jan"]
[Result "0-1"]
[WhiteElo "1539"]
[BlackElo "1733"]
[PlyCount "38"]
[EventDate "2019.06.29"]
[EventType "swiss"]
[EventRounds "9"]
[EventCountry "CZE"]

1. c4 Nf6 2. Nc3 g6 3. Nf3 Bg7 4. g3 O-O 5. Bg2 d6 6. d3 e5 7. Bg5 a5 8. Ne4 Nbd7 9. O-O h6 10. Nxf6+ Nxf6 11. Bd2 Nd7 12. Qc1 Kh7 13. Rb1 f5 14. e4 Nc5 15. Qc2 fxe4 16. dxe4 Bg4 17. Nh4 Be2 18. f4 exf4 19. Bxf4 Bd3 0-1

[Event "27th Klatovy B 2019"]
[Site "Klatovy CZE"]
[Date "2019.07.03"]
[Round "5.26"]
[White "Sefrna, Frantisek"]
[Black "Flajsman, Zdenek"]
[Result "1/2-1/2"]
[WhiteElo "1700"]
[BlackElo "1503"]
[PlyCount "51"]
[EventDate "2019.06.29"]
[EventType "swiss"]
[EventRounds "9"]
[EventCountry "CZE"]

1. e4 e5 2. Nc3 Bc5 3. Bc4 Nf6 4. d3 h6 5. Nge2 Ng4 6. d4 exd4 7. Nxd4 d6 8. O-O O-O 9. Be3 Bxd4 10. Bxd4 Nc6 11. h3 Nge5 12. Bb3 Nxd4 13. Qxd4 Nc6 14. Qd2 Be6 15. f4 Bxb3 16. axb3 Qd7 17. Rae1 Rad8 18. Rf3 f5 19. Qd5+ Qf7 20. exf5 Qxd5 21. Nxd5 Rd7 22. Rfe3 Rxf5 23. Ne7+ Nxe7 24. Rxe7 Rf7 25. Rxd7 Rxd7 26. Kf2 1/2-1/2

[Event "27th Klatovy B 2019"]
[Site "Klatovy CZE"]
[Date "2019.07.03"]
[Round "5.27"]
[White "Sova, Zdenek"]
[Black "Veverka, Vladimir"]
[Result "1-0"]
[WhiteElo "1687"]
[BlackElo "1439"]
[PlyCount "55"]
[EventDate "2019.06.29"]
[EventType "swiss"]
[EventRounds "9"]
[EventCountry "CZE"]

1. Nf3 d5 2. d4 Nf6 3. c4 e6 4. Nc3 c5 5. cxd5 Nxd5 6. Nxd5 Qxd5 7. Qc2 Nc6 8. e3 cxd4 9. exd4 Nxd4 10. Qa4+ Nc6 11. Bd2 Bd7 12. Be2 Nb4 13. Qd1 Nd3+ 14. Bxd3 Qxd3 15. Qe2 Qxe2+ 16. Kxe2 Bc6 17. Rhd1 Bxf3+ 18. gxf3 Be7 19. Rac1 Bf6 20. Rc7 Bxb2 21. Bb4 Bf6 22. Rdd7 Rd8 23. Rxf7 Rd4 24. a3 Rg8 25. Rxb7 Rxb4 26. axb4 Rf8 27. Rxf8+ Kxf8 28. Rxa7 1-0

[Event "27th Klatovy B 2019"]
[Site "Klatovy CZE"]
[Date "2019.07.03"]
[Round "5.28"]
[White "Jedlicka, Pavel"]
[Black "Kaspar, Lukas"]
[Result "0-1"]
[WhiteElo "1445"]
[BlackElo "1886"]
[PlyCount "104"]
[EventDate "2019.06.29"]
[EventType "swiss"]
[EventRounds "9"]
[EventCountry "CZE"]

1. d4 Nf6 2. f4 d5 3. e3 e6 4. Nf3 c5 5. c3 Bd7 6. Be2 b5 7. O-O c4 8. Ne5 Nc6 9. Nd2 Rb8 10. Ndf3 h6 11. g4 Ne4 12. Nxc6 Bxc6 13. Ne5 Bd7 14. Bf3 Nd6 15. Kh1 a5 16. b3 Be7 17. bxc4 Nxc4 18. Nxc4 bxc4 19. e4 Bc6 20. e5 Qd7 21. Qc2 Ba4 22. Qg2 Kd8 23. f5 Kc7 24. Bf4 Ba3 25. Rab1 Rxb1 26. Rxb1 Rb8 27. Qf1 Rxb1 28. Qxb1 Qb5 29. Qxb5 Bxb5 30. fxe6 fxe6 31. g5 hxg5 32. Bxg5 Ba4 33. Kg2 Bc2 34. Bg4 Kd7 35. Kf2 Bb1 36. Bd1 Bxa2 37. Ba4+ Kc7 38. Be8 Bb2 39. Be7 Bxc3 40. Bd6+ Kd8 41. Bf7 Bxd4+ 42. Ke2 Kd7 43. Kd2 Bb3 44. Bg6 Bb2 45. Bc2 a4 46. h4 a3 47. Bxa3 Bxa3 48. Bxb3 cxb3 49. Kc3 b2 50. Kc2 d4 51. h5 d3+ 52. Kxd3 b1=Q+ 0-1

[Event "27th Klatovy B 2019"]
[Site "Klatovy CZE"]
[Date "2019.07.03"]
[Round "5.29"]
[White "Berka, Lubos"]
[Black "Stross, Frantisek 1952"]
[Result "1-0"]
[WhiteElo "1733"]
[BlackElo "1458"]
[PlyCount "111"]
[EventDate "2019.06.29"]
[EventType "swiss"]
[EventRounds "9"]
[EventCountry "CZE"]

1. e4 e5 2. Nf3 Nc6 3. d4 exd4 4. Nxd4 Nge7 5. Bc4 Ne5 6. Bb3 a6 7. O-O c5 8. Nf3 N7c6 9. Qd5 Nxf3+ 10. gxf3 Qe7 11. Be3 d6 12. Nc3 Be6 13. Qh5 c4 14. Ba4 b5 15. Nxb5 axb5 16. Qxb5 Bd7 17. Qxc4 Ne5 18. Bxd7+ Qxd7 19. Qd5 Rc8 20. Kg2 Be7 21. Bf4 Bf6 22. c3 O-O 23. Rad1 Rfd8 24. Bg3 h5 25. f4 Rc5 26. Qd4 Nc6 27. Qe3 h4 28. e5 Qe7 29. Rxd6 Qa7 30. Rxc6 Be7 31. Bxh4 Qb7 32. Bxe7 Qxc6+ 33. f3 Qg6+ 34. Kh1 Rcc8 35. Bxd8 Rxd8 36. Rg1 Qc2 37. Qc1 Qe2 38. Qf1 Qxb2 39. Qg2 Qxg2+ 40. Kxg2 Rd2+ 41. Kg3 Rxa2 42. Rc1 Ra5 43. c4 Rc5 44. Kg4 f6 45. exf6 gxf6 46. f5 Kg7 47. Kf4 Kh6 48. Ke4 Re5+ 49. Kd4 Rxf5 50. c5 Rxf3 51. c6 Rf4+ 52. Ke3 Rg4 53. c7 Rg8 54. c8=Q Rxc8 55. Rxc8 Kg5 56. Kf3 1-0

[Event "27th Klatovy B 2019"]
[Site "Klatovy CZE"]
[Date "2019.07.03"]
[Round "5.30"]
[White "Barta, David"]
[Black "Rychlik, Zdenek"]
[Result "1/2-1/2"]
[WhiteElo "1411"]
[BlackElo "1721"]
[PlyCount "97"]
[EventDate "2019.06.29"]
[EventType "swiss"]
[EventRounds "9"]
[EventCountry "CZE"]

1. d4 Nf6 2. Nf3 e6 3. g3 c5 4. Bg2 Nc6 5. c4 d5 6. cxd5 exd5 7. O-O h6 8. Nc3 Be6 9. dxc5 Bxc5 10. Bf4 Bd6 11. Bxd6 Qxd6 12. Nd4 a6 13. Nxc6 bxc6 14. e4 Rd8 15. exd5 cxd5 16. Rc1 O-O 17. b3 Qb4 18. Ne2 Bg4 19. Qd4 a5 20. Qxb4 axb4 21. Nd4 Ra8 22. Nc6 Rxa2 23. Ne7+ Kh8 24. Nxd5 Nxd5 25. Bxd5 Be6 26. Bxe6 fxe6 27. Ra1 Rb2 28. Rfb1 Rfxf2 29. Rxb2 Rxb2 30. Re1 Kg8 31. Rxe6 Rxb3 32. Rb6 Rb2 33. Kf1 Kf7 34. Ke1 h5 35. Kd1 g6 36. h4 Kg7 37. Rb7+ Kf6 38. Rb6+ Kg7 39. Kc1 Rb3 40. Kd2 Rxg3 41. Rxb4 Rf3 42. Ke2 Rf5 43. Ke3 Rf6 44. Rf4 Rf5 45. Kf3 Kf6 46. Kg3 Rxf4 47. Kxf4 Ke6 48. Ke4 Kd6 49. Kf4 1/2-1/2

[Event "27th Klatovy B 2019"]
[Site "Klatovy CZE"]
[Date "2019.07.03"]
[Round "5.31"]
[White "Cyron, Karel"]
[Black "Zemanova, Nikola"]
[Result "1-0"]
[WhiteElo "1720"]
[BlackElo "1403"]
[PlyCount "135"]
[EventDate "2019.06.29"]
[EventType "swiss"]
[EventRounds "9"]
[EventCountry "CZE"]

1. e4 e6 2. d4 d5 3. Nc3 Nf6 4. Bg5 Be7 5. e5 Nfd7 6. h4 Bxg5 7. hxg5 Qxg5 8. Nh3 Qd8 9. Qh5 h6 10. Nf4 Nb6 11. Qg4 g6 12. Bd3 Qe7 13. O-O-O Nc6 14. Be2 Bd7 15. Kb1 O-O-O 16. Rh3 h5 17. Qf3 Rdg8 18. Qe3 Qg5 19. Nfxd5 Qxe3 20. Nxb6+ axb6 21. Rxe3 Ne7 22. Ne4 Nd5 23. Ra3 Kb8 24. c4 Ne7 25. Nf6 Rd8 26. Bf3 Nc6 27. Be4 Bc8 28. Rad3 Nb4 29. R3d2 c6 30. a3 Na6 31. b4 Nc7 32. Kb2 Ne8 33. Nxe8 Rhxe8 34. f4 Rd7 35. Kc3 Red8 36. Bf3 Kc7 37. c5 b5 38. Ra1 Rh8 39. a4 bxa4 40. Rxa4 h4 41. Bg4 Rdd8 42. Ra8 Rd7 43. Ra1 Rhd8 44. Rh1 Rh8 45. Rd3 f5 46. Be2 Rg7 47. g4 Rgh7 48. g5 h3 49. Rh2 Rh4 50. Rf3 b6 51. Kd2 bxc5 52. bxc5 Rd8 53. Ke3 Rdh8 54. Bf1 R8h7 55. Rfxh3 Rxh3+ 56. Rxh3 Rxh3+ 57. Bxh3 Ba6 58. Bg2 Bb5 59. Bf3 Kb7 60. Bh5 Kc7 61. Bxg6 Kd7 62. Bh5 Ke7 63. Kd2 Kf8 64. Kc3 Ke7 65. Kb4 Kf8 66. Ka5 Ke7 67. Kb6 Kf8 68. Bf3 1-0

[Event "27th Klatovy B 2019"]
[Site "Klatovy CZE"]
[Date "2019.07.03"]
[Round "5.32"]
[White "Kadlec, Rudolf"]
[Black "Skuthan, Radek"]
[Result "0-1"]
[WhiteElo "1400"]
[BlackElo "1702"]
[PlyCount "26"]
[EventDate "2019.06.29"]
[EventType "swiss"]
[EventRounds "9"]
[EventCountry "CZE"]

1. e4 c5 2. d4 cxd4 3. Nf3 Nc6 4. Bc4 Nf6 5. e5 Nxe5 6. Qxd4 Nxf3+ 7. gxf3 g6 8. Bg5 Bg7 9. Nc3 O-O 10. Rg1 a6 11. a4 d6 12. Kd2 d5 13. Bf1 Ne4+ 0-1

[Event "27th Klatovy B 2019"]
[Site "Klatovy CZE"]
[Date "2019.07.03"]
[Round "5.33"]
[White "Gacho, Ondrej"]
[Black "Spackova, Martina 1992"]
[Result "1-0"]
[WhiteElo "1384"]
[BlackElo "1688"]
[PlyCount "87"]
[EventDate "2019.06.29"]
[EventType "swiss"]
[EventRounds "9"]
[EventCountry "CZE"]

1. e4 e5 2. Nf3 Nc6 3. Bc4 Nf6 4. Ng5 d5 5. exd5 Na5 6. Bb5+ c6 7. dxc6 bxc6 8. Bd3 h6 9. Ne4 Nd5 10. O-O Nf4 11. Be2 Qh4 12. d3 f5 13. Ng3 Bd6 14. Bf3 g5 15. Nh5 g4 16. Nxf4 exf4 17. g3 Qf6 18. Re1+ Kf7 19. Bh1 f3 20. Bd2 Be5 21. Bc3 Bxc3 22. Nxc3 h5 23. h3 h4 24. hxg4 fxg4 25. Re4 hxg3 26. fxg3 Rxh1+ 27. Kxh1 Qh6+ 28. Kg1 Qh3 29. Kf2 Qh2+ 30. Ke3 Qxg3 31. Rf4+ Kg7 32. Ne4 Qh4 33. Qxf3 Qh6 34. Qg3 Bf5 35. Ke2 Qe6 36. Kf2 Rh8 37. Kg2 Rh3 38. Qf2 Bxe4+ 39. Rxe4 Qd5 40. Qd4+ Qxd4 41. Rxd4 Rh4 42. Kg3 Rh3+ 43. Kxg4 Rh2 44. Rd7+ 1-0

[Event "27th Klatovy B 2019"]
[Site "Klatovy CZE"]
[Date "2019.07.03"]
[Round "5.34"]
[White "Malik, Zdenek"]
[Black "Vavrinek, Tomas"]
[Result "1-0"]
[WhiteElo "1391"]
[BlackElo "1686"]
[PlyCount "25"]
[EventDate "2019.06.29"]
[EventType "swiss"]
[EventRounds "9"]
[EventCountry "CZE"]

1. e4 c5 2. Nf3 Nc6 3. d4 cxd4 4. Nxd4 Nf6 5. Nc3 e5 6. Ndb5 Bb4 7. Nd6+ Ke7 8. Nf5+ Kf8 9. Bd2 Bxc3 10. Bxc3 d5 11. f3 dxe4 12. Bb4+ Kg8 13. Ne7+ 1-0

[Event "27th Klatovy B 2019"]
[Site "Klatovy CZE"]
[Date "2019.07.03"]
[Round "5.35"]
[White "Vavrousek, Petr"]
[Black "Souralova, Venuse"]
[Result "1-0"]
[WhiteElo "1686"]
[BlackElo "1391"]
[PlyCount "77"]
[EventDate "2019.06.29"]
[EventType "swiss"]
[EventRounds "9"]
[EventCountry "CZE"]

1. e4 c5 2. Nf3 d6 3. d4 cxd4 4. Nxd4 Nf6 5. Nc3 g6 6. Be3 Bg7 7. Bc4 O-O 8. Qd2 Nc6 9. f4 Bd7 10. O-O-O Rc8 11. Bb3 Nxd4 12. Bxd4 a5 13. Bxf6 Bxf6 14. e5 Bg7 15. exd6 Bxc3 16. bxc3 exd6 17. Qxd6 Bc6 18. Qe5 Qc7 19. Qxc7 Rxc7 20. Bd5 Ba4 21. Kb2 Rfc8 22. Rd3 b5 23. Rhd1 Kg7 24. Re1 b4 25. c4 Bc6 26. Re2 Bd7 27. Re7 Bf5 28. Rde3 Kf6 29. Re8 Rxe8 30. Rxe8 Re7 31. Rxe7 Kxe7 32. c3 bxc3+ 33. Kxc3 Be6 34. Kd4 Kd7 35. Kc5 Kc7 36. Kb5 Bxd5 37. cxd5 Kd6 38. Kxa5 Kxd5 39. Kb6 1-0

[Event "27th Klatovy B 2019"]
[Site "Klatovy CZE"]
[Date "2019.07.03"]
[Round "5.36"]
[White "Svec, Ludek"]
[Black "Martinkova, Magdalena"]
[Result "1/2-1/2"]
[WhiteElo "1620"]
[BlackElo "1359"]
[PlyCount "125"]
[EventDate "2019.06.29"]
[EventType "swiss"]
[EventRounds "9"]
[EventCountry "CZE"]

1. d4 Nf6 2. Nf3 g6 3. g3 Bg7 4. Bg2 O-O 5. O-O d6 6. c4 Nbd7 7. Nc3 e5 8. dxe5 Nxe5 9. Nxe5 dxe5 10. Qxd8 Rxd8 11. Bg5 Re8 12. Bxf6 Bxf6 13. Nd5 Bd8 14. Rad1 c6 15. Nc3 Bf5 16. Ne4 Bxe4 17. Bxe4 f5 18. Bc2 e4 19. Rd7 Re7 20. Rfd1 Rxd7 21. Rxd7 Bb6 22. Kg2 Rd8 23. Rxd8+ Bxd8 24. g4 Kf7 25. f3 exf3+ 26. Kxf3 fxg4+ 27. Kxg4 h5+ 28. Kf3 g5 29. h3 h4 30. Bf5 a5 31. Bc8 b6 32. Bd7 c5 33. Ke4 Ke7 34. Bg4 Kd6 35. Kf5 Kd7 36. e4 Ke8 37. Ke6 Be7 38. Bh5+ Kd8 39. e5 Bf8 40. Kf7 Be7 41. Bg4 a4 42. Bf5 b5 43. cxb5 c4 44. b6 Bc5 45. b7 Kc7 46. Be4 a3 47. bxa3 c3 48. e6 g4 49. hxg4 h3 50. g5 h2 51. g6 c2 52. g7 c1=Q 53. b8=Q+ Kxb8 54. g8=Q+ Kc7 55. Qg3+ Bd6 56. Qg2 Qxa3 57. Qc2+ Qc5 58. Qxc5+ Bxc5 59. Ke8 Kb6 60. Kd7 Kb5 61. e7 Bxe7 62. Kxe7 Ka4 63. Bd5 1/2-1/2

[Event "27th Klatovy B 2019"]
[Site "Klatovy CZE"]
[Date "2019.07.03"]
[Round "5.37"]
[White "Veverkova, Dorota"]
[Black "Kotesovec, Jaroslav"]
[Result "0-1"]
[WhiteElo "1348"]
[BlackElo "1560"]
[PlyCount "59"]
[EventDate "2019.06.29"]
[EventType "swiss"]
[EventRounds "9"]
[EventCountry "CZE"]

1. e4 c5 2. Nc3 Nc6 3. f4 e6 4. Nf3 d5 5. exd5 exd5 6. Bb5 Nf6 7. Bxc6+ bxc6 8. Qe2+ Qe7 9. Qxe7+ Bxe7 10. O-O O-O 11. b3 d4 12. Na4 Re8 13. Ba3 Nd7 14. Rae1 Ba6 15. d3 Bb5 16. Nb2 Bd6 17. Ne5 Nxe5 18. fxe5 Bxe5 19. Bxc5 a5 20. a4 Ba6 21. Re4 Bxh2+ 22. Kxh2 Rxe4 23. dxe4 Bxf1 24. Bxd4 Re8 25. Bb6 Rxe4 26. Bxa5 Re2 27. Nc4 Rxg2+ 28. Kh1 Rg5 29. Bc7 Bxc4 30. bxc4 0-1

[Event "27th Klatovy B 2019"]
[Site "Klatovy CZE"]
[Date "2019.07.03"]
[Round "5.38"]
[White "Chmelik, Benedikt"]
[Black "Berkovec, Josef"]
[Result "1/2-1/2"]
[WhiteElo "1558"]
[BlackElo "1380"]
[PlyCount "93"]
[EventDate "2019.06.29"]
[EventType "swiss"]
[EventRounds "9"]
[EventCountry "CZE"]

1. e4 c5 2. Nf3 d6 3. d4 cxd4 4. Nxd4 Nf6 5. Nc3 g6 6. Bc4 Nc6 7. f3 Bg7 8. Be3 O-O 9. O-O Nd7 10. Qd2 Nb6 11. Bb3 Na5 12. Qe2 Nxb3 13. axb3 a6 14. Qd2 Re8 15. Rfd1 Bd7 16. Nde2 Rc8 17. Bd4 f6 18. Kh1 Be6 19. Nf4 Bf7 20. Nfd5 Nxd5 21. Nxd5 Bxd5 22. exd5 Qd7 23. Re1 Qf5 24. Bc3 Kf7 25. Rad1 Rc5 26. Qd3 Qxd3 27. Rxd3 Rec8 28. Rde3 Bf8 29. Rd3 R8c7 30. Kg1 Bh6 31. g3 f5 32. Kf2 Bg7 33. Ree3 a5 34. Ke1 Bf6 35. f4 b6 36. Bxf6 Kxf6 37. Rc3 Kf7 38. Ke2 Ke8 39. Red3 Kd7 40. Ke3 e6 41. dxe6+ Kxe6 42. Rxc5 dxc5 43. c4 Rd7 44. Rxd7 Kxd7 45. Kf3 Ke6 46. g4 Kf6 47. h3 1/2-1/2

[Event "27th Klatovy B 2019"]
[Site "Klatovy CZE"]
[Date "2019.07.03"]
[Round "5.39"]
[White "Juhanak, Daniel"]
[Black "Vojir, Vaclav 2005"]
[Result "1-0"]
[WhiteElo "1555"]
[BlackElo "1337"]
[PlyCount "49"]
[EventDate "2019.06.29"]
[EventType "swiss"]
[EventRounds "9"]
[EventCountry "CZE"]

1. d4 Nf6 2. Nf3 g6 3. c4 Bg7 4. g3 O-O 5. Bg2 d6 6. Nc3 Nbd7 7. e4 c5 8. O-O a6 9. h3 Qc7 10. Qe2 cxd4 11. Nxd4 Nc5 12. Be3 Bd7 13. Rac1 Rac8 14. Nd5 Nxd5 15. exd5 b5 16. Rfe1 bxc4 17. Qxc4 Qb7 18. Qe2 Rb8 19. b3 Rfe8 20. Nc6 Bxc6 21. dxc6 Qb5 22. Bxc5 dxc5 23. c7 Rbc8 24. Qxb5 axb5 25. Rxc5 1-0

[Event "27th Klatovy B 2019"]
[Site "Klatovy CZE"]
[Date "2019.07.03"]
[Round "5.40"]
[White "Langmajerova, Jana"]
[Black "Pucholt, Martin"]
[Result "1-0"]
[WhiteElo "1336"]
[BlackElo "1555"]
[PlyCount "129"]
[EventDate "2019.06.29"]
[EventType "swiss"]
[EventRounds "9"]
[EventCountry "CZE"]

1. e4 c5 2. Nf3 d6 3. d4 cxd4 4. Nxd4 Nf6 5. Nc3 a6 6. Be2 e5 7. Nf3 h6 8. O-O Be7 9. Be3 Be6 10. Qd2 Ng4 11. Rad1 Nxe3 12. Qxe3 O-O 13. Nd5 Bxd5 14. Rxd5 Nd7 15. Qb3 Nf6 16. Rdd1 Nxe4 17. Qxb7 Nc5 18. Qd5 Qc7 19. Nd2 Ne6 20. Qe4 Nf4 21. Bc4 Kh8 22. Bxf7 Rac8 23. Bc4 a5 24. g3 Nh3+ 25. Kg2 Qd7 26. Nf3 Rxf3 27. Qxf3 Rxc4 28. Qa8+ Kh7 29. Qxa5 Qc8 30. c3 Ng5 31. Qd5 Rc5 32. Qd3+ Kh8 33. f3 Qh3+ 34. Kh1 Qc8 35. Rc1 Qb7 36. Qe2 Rc8 37. h4 Ne6 38. b4 Rf8 39. Qe4 Qc8 40. a4 Nf4 41. g4 Bxh4 42. Rg1 Bf2 43. Rgf1 Bg3 44. Rg1 Qd8 45. Rxg3 Qh4+ 46. Kg1 Qxg3+ 47. Kf1 Qg2+ 48. Ke1 Qg1+ 49. Kd2 Qf2+ 50. Kd1 Ng2 51. Rc2 Ne3+ 52. Kc1 Qxc2+ 53. Qxc2 Nxc2 54. Kxc2 Rxf3 55. a5 e4 56. a6 d5 57. a7 Rf8 58. b5 Rf2+ 59. Kb3 Rf8 60. b6 e3 61. b7 e2 62. b8=Q Kh7 63. Qxf8 e1=Q 64. Qf5+ g6 65. Qf7+ 1-0

[Event "27th Klatovy B 2019"]
[Site "Klatovy CZE"]
[Date "2019.07.03"]
[Round "5.41"]
[White "Novak, Rudolf"]
[Black "Vavrinkova, Marie"]
[Result "1/2-1/2"]
[WhiteElo "1499"]
[BlackElo "1185"]
[PlyCount "88"]
[EventDate "2019.06.29"]
[EventType "swiss"]
[EventRounds "9"]
[EventCountry "CZE"]

1. e4 e5 2. Nf3 Nf6 3. Nc3 Bb4 4. d3 O-O 5. Be2 Nc6 6. O-O h6 7. Nd5 Bc5 8. c3 a6 9. h3 d6 10. Be3 Bxe3 11. fxe3 Be6 12. c4 Na7 13. Nh2 Nxd5 14. cxd5 Bd7 15. Bg4 c6 16. Bxd7 Qxd7 17. Qh5 cxd5 18. exd5 Qb5 19. Rf3 Qxd5 20. Rg3 Qe6 21. Ng4 Kh7 22. Rf1 f5 23. Nh2 g6 24. Qf3 d5 25. h4 Rae8 26. Qd1 Qd6 27. Rgf3 Nb5 28. g4 f4 29. a4 Nc7 30. Qc1 Ne6 31. Qc2 Qc6 32. Qc3 Qxa4 33. Qxe5 Ng5 34. Qc7+ Rf7 35. Rxf4 Rxc7 36. Rxa4 Rxe3 37. hxg5 hxg5 38. Rd4 Rc2 39. Rxd5 Rg3+ 40. Kh1 Rh3 41. Rd7+ Kh6 42. Rff7 Rcxh2+ 43. Kg1 Rh1+ 44. Kg2 R1h2+ 1/2-1/2

[Event "27th Klatovy B 2019"]
[Site "Klatovy CZE"]
[Date "2019.07.03"]
[Round "5.42"]
[White "Novy, Jan"]
[Black "Sobr, Vaclav"]
[Result "0-1"]
[WhiteElo "1473"]
[BlackElo "1498"]
[PlyCount "110"]
[EventDate "2019.06.29"]
[EventType "swiss"]
[EventRounds "9"]
[EventCountry "CZE"]

1. e4 g6 2. d4 Bg7 3. Nf3 d6 4. h3 Bd7 5. c3 Nc6 6. Bg5 Nf6 7. Bd3 Nh5 8. g4 Nf6 9. Qe2 h6 10. Bh4 g5 11. Bg3 e6 12. Nbd2 Qe7 13. O-O-O O-O-O 14. Nb3 d5 15. Nfd2 h5 16. f3 hxg4 17. hxg4 Rxh1 18. Rxh1 Rh8 19. Qg2 Qf8 20. e5 Rxh1+ 21. Qxh1 Ne8 22. Nc5 Qh8 23. Qg2 b6 24. Ba6+ Kd8 25. Nd3 Nb8 26. Bb7 c6 27. Nb4 Kc7 28. Ba8 a5 29. Nd3 Na6 30. c4 Kc8 31. cxd5 cxd5 32. f4 gxf4 33. Bxf4 Nec7 34. Nc4 Nxa8 35. Nd6+ Kb8 36. Qc2 Bf8 37. Nxf7 Qh1+ 38. Qd1 Qe4 39. g5 Nb4 40. Nxb4 Qxf4+ 41. Qd2 Qxf7 42. Nd3 Be7 43. Nf2 Qg6 44. Nh3 Nc7 45. Qe3 Kb7 46. b3 Nb5 47. a4 Nxd4 48. Qxd4 Bxg5+ 49. Kb2 Be7 50. Qf2 Kc6 51. Nf4 Qe4 52. Ng2 Qxe5+ 53. Ka2 Bc5 54. Qd2 Qd4 55. Qc2 Qf2 0-1

[Event "27th Klatovy B 2019"]
[Site "Klatovy CZE"]
[Date "2019.07.03"]
[Round "5.43"]
[White "Skopkova, Marcela"]
[Black "Matejicek, Vojtech"]
[Result "0-1"]
[WhiteElo "1263"]
[BlackElo "1472"]
[PlyCount "68"]
[EventDate "2019.06.29"]
[EventType "swiss"]
[EventRounds "9"]
[EventCountry "CZE"]

1. d4 d5 2. Nf3 e6 3. e3 c5 4. dxc5 Nc6 5. a3 Bxc5 6. b4 Bd6 7. Bb2 Nf6 8. c4 O-O 9. Nbd2 b6 10. Be2 Bb7 11. cxd5 Nxd5 12. O-O Rc8 13. Rc1 Re8 14. Qa4 Rf8 15. b5 Na5 16. Qg4 Nf6 17. Qh3 Qe7 18. Bd3 h6 19. a4 Rxc1 20. Rxc1 Ba3 21. Bxf6 Qxf6 22. Rb1 Qc3 23. Bf1 Bc1 24. Rxc1 Qxc1 25. Qh4 Rc8 26. Qd4 Bxf3 27. Nxf3 Qb1 28. Nd2 Qd1 29. Qd7 Rc1 30. Qd8+ Kh7 31. Qd3+ f5 32. g3 Nc4 33. Kg2 Qxd2 34. Qxd2 Nxd2 0-1